000 01000cam a22002771 4500
001 sa 65000287
003 DLC
005 20260227112102.0
008 810516s1957 ii 000 0 kaw
010 _asa 65000287
025 _aPL480:I-San-295
035 _a(OCoLC)7425407
040 _aDLC
_cOCoLC
_dOCoLC
_dWU
_dDLC
041 1 _akawsaneng
_hkawsan
042 _apremarc
050 0 0 _aPL5158.9.S5
_bS5
130 0 _aŚlokāntara.
245 1 0 _aŚlokāntara :
_ban old Javanese didactic text /
_ccritically edited and annotated by Sharada Rani.
260 _a[New Delhi] :
_bInternational Academy of Indian Culture,
_c1957.
300 _a120, 355 p.
_c29 cm.
440 0 _aDvīpāntara-piṭaka ;
_vv. 2
440 0 _aŚata piṭaka series ;
_vv. 2.
500 _aAdded title in Kawi.
546 _a"Text [consists] of 83 Sanskrit slokas followed by their Old-Javanese prose-explanations." With English translation, introductory remarks, and notes.
700 0 _aSharada Rani,
_d1931-
_eed.
999 _c61476
_d61476